Remaining Roman Settlements in Britian - Statistics

General Stats
  • This quiz has been taken 1,159 times
    1,153 since last reset
  • The average score is 10 of 36
Answer Stats
Hint Answer % Correct
Londinium London
98%
Aquae Sulis Bath
84%
Eboracum York
82%
Mamucium Manchester
66%
Deva Victrix Chester
58%
Concangis Chester-le-Street
58%
Pons Aelius Newcastle upon Tyne
53%
Camulodunum Colchester
51%
Portus Dubris Dover
49%
Lindum Colonia Lincoln
47%
Venta Belgarum Winchester
47%
Durovernum Cantiacorum Canterbury
41%
Isca Dumnoniorum Exeter
39%
Glevum Gloucester
38%
Ratae Corieltauvorum Leicester
37%
Verulamium St Albans
34%
Luguvalium Carlisle
33%
Noviomagus Regnorum Chichester
28%
Corinium Cirencester
24%
Durnovaria Dorchester
13%
Calleva Atrebatum Silchester
10%
Isca Augusta Caerleon
8%
Viroconium Cornoviorum Wroxeter
7%
Aquae Arnemetiae Buxton
4%
Segontium Caernarfon
4%
Moridunum Carmarthen
4%
Lindinis Ilchester
4%
Lactodorum Towcester
4%
Alauna Alcester
3%
Venta Silurum Caerwent
3%
Gariannonum Caister-on-Sea
3%
Coria Corbridge
3%
Isurium Brigantum Aldborough, North Yorkshire
2%
Petuaria Brough-on-Humber
2%
Condate Northwich
1%
Mediolanum Whitchurch
1%
No matching quizzes found
Score Distribution
Percent of People with Each Score
Percentile by Number Answered
Your Score History
You have not taken this quiz since the last reset